Latinscapes. El paisaje como materia prima

Salvato in:
Dettagli Bibliografici
Autore principale: Martignoni, Jimena (autora)
Natura: Libro
Lingua:spagnolo
inglese
Pubblicazione: Barcelona, España: Gustavo Gili, 2008.
Edizione:Edición biblingüe.
Serie:Land and Scapes Series.
Soggetti:
Tags: Aggiungi Tag
Nessun Tag, puoi essere il primo ad aggiungerne!!

MARC

LEADER 00000cam a2200000 a 4500
001 UCD2321
003 CL-VaPUC
005 20241113162758.0
008 160421e20080000sp |||||||||||||||||spa|d
020 |a 9788425221927 
040 |c Pontificia Universidad Católica de Valparaíso 
041 0 7 |a spa  |2 CL-VaPUC 
041 0 7 |a eng  |2 CL-VaPUC 
082 0 4 |a 712.2 MAR 2008  |2 21 
100 |a Martignoni, Jimena  |e autora  |9 585652 
245 1 0 |a Latinscapes.  |b  El paisaje como materia prima 
246 1 0 |a Landscape as raw material 
250 |a Edición biblingüe.  
260 |a Barcelona, España:  |b Gustavo Gili,  |c 2008. 
300 |a 173 páginas :  |b  ilustraciones. 
490 0 |a Land and Scapes Series. 
583 |a last modification  |c 20160421 23:07:00  |k Rodrigo Vera 
650 0 |a Arquitectura del paisaje  |9 268210 
650 0 |a Planificación urbana   |9 258176  |z América Latina 
942 |c BK  |2 ddc 
945 |d 20160421 23:07:00  |a arojas 
999 |c 363483  |d 363481 
952 |0 0  |1 0  |3 erb  |4 0  |6 712_200000000000000_MAR_2008  |7 0  |8 A  |9 475935  |a BIBARQ  |b BIBARQ  |i 5282748  |l 7  |m 2  |o 712.2 MAR 2008  |p 5282748  |r 2025-01-20  |s 2024-11-19  |w 2019-11-24  |y BK  |z Catalogado en:20160421  |k ARQ 
952 |0 0  |1 0  |2 ddc  |4 0  |6 712_200000000000000_MAR_2008  |7 0  |8 A  |9 597987  |a BIBARQ  |b BIBARQ  |d 2024-11-13  |e 2  |g 55120.00  |i 5663183  |l 1  |o 712.2 MAR 2008  |p 5663183  |r 2025-04-21  |s 2025-04-03  |t 2  |v 55120.00  |w 2024-11-13  |y BK  |k MAD